Caixa amb material no llibre realitzat per la Diputació de Barcelona
Descripción Física:
10 estoretes de ratolí ; 6 llapis ; 7 bolígrafs ; 2 bolígrafs amb estoig ; 1 targeta de participació a les jornades de portes obertes a l'esport ; 1 targeta amb explicació del PAM ; 51 adhesius ; 1 CD-ROM ; 2 preservatius ; 1 calendari póster ; 2 calendaris de butxaca ; 1 ventall ; 1 portallapis plegable ; 1 gorra de bany ; 3 bosses ; 1 retallable 'la Torres del Baró' ; 35 punts de llibre ; 1 canellera amb butxaca ; 1 joc de la soca ; 1 sotagot ; 1 carpeta amb 9 làmines del Departament de Premsa ; 1 full informatiu ; 1 visera ; 1 cartell per penjar a la porta ; 3 llibretes
MARC
| LEADER | 00000nom a2200000 a 4500 | ||
|---|---|---|---|
| 008 | 160829s9999 xx 000 0 cat d | ||
| 080 | |a NBM | ||
| 110 | 1 | |a Barcelona (Catalunya : Província). |b Diputació |9 52408 | |
| 245 | |a Caixa amb material no llibre realitzat per la Diputació de Barcelona |h [Carpeta] | ||
| 300 | |a 10 estoretes de ratolí ; |c 6 llapis ; |c 7 bolígrafs ; |c 2 bolígrafs amb estoig ; |c 1 targeta de participació a les jornades de portes obertes a l'esport ; |c 1 targeta amb explicació del PAM ; |c 51 adhesius ; |c 1 CD-ROM ; |c 2 preservatius ; |c 1 calendari póster ; |c 2 calendaris de butxaca ; |c 1 ventall ; |c 1 portallapis plegable ; |c 1 gorra de bany ; |c 3 bosses ; |c 1 retallable 'la Torres del Baró' ; |c 35 punts de llibre ; |c 1 canellera amb butxaca ; |c 1 joc de la soca ; |c 1 sotagot ; |c 1 carpeta amb 9 làmines del Departament de Premsa ; |c 1 full informatiu ; |c 1 visera ; |c 1 cartell per penjar a la porta ; |c 3 llibretes | ||
| 500 | |a Títol facilitat pel catalogador | ||
| 901 | |a Arxiu | ||
| 942 | |n 1 |2 udc | ||
| 952 | |0 0 |1 0 |4 0 |6 NBM |7 1 |9 48938 |a Arxiu |b Arxiu |d 2016-12-01 |l 0 |o NBM |r 2016-12-01 00:00:00 |w 2016-12-01 |y ARXIU | ||
| 999 | |c 52773 |d 52773 | ||